000 00670npc a2200217Ia 4500
001 onu16-1249 [d000001208]
003 IT-MiCISF
008 161014s9999||||xx | und||
040 _aIT-MiCISF
_cIT-MiCISF
041 _aen
100 _aAA.VV.
240 _aAbortion Policies: A Global Review
245 0 _aAbortion Policies: A Global Review
_bVolume I: Afghanistan to France
250 _a1a ed.
260 _a New York
_bUnited Nations
_c1992
300 _app. 158
500 _aDepartment of Economic and Social Development / aborto, politiche-sociali, fertilità, comparazione /
650 _aaborto
942 _cDD
957 _71
999 _a1249
_bsi
_g1
_c206082
_d206082